00534nam a2200157 a 4500008004100000020001800041050001500059100001800074245015400092260003100246300002100277350001000298650001300308650002400321650003100345160217s2014 ||||||||||||||||| || u a9780124046313 aQH 430 Lie aLiehr, Thomas10aBenign and pathological chromosomal imbalances: imcroscopic and submicrospic copy number variations(CNVs) in genetics and counselingcBy Thomas Liehr aAmsterdam:bElsevierc2014 axix, 199p.: ill. a99.95 0aGENETICS aVARIATION (BIOLOGY) aDNA COPY NUMBER VARIATIONS